[Event "Kuwait op 1st"]
[Site "Kuwait City"]
[Date "2025.01.12"]
[Round "8"]
[White "Eman, Sawan"]
[Black "Saksham, Upadhyay"]
[Result "1-0"]
[WhiteElo "1922"]
[BlackElo "1903"]
[PlyCount "52"]
[EventDate "2025.01.05"]
[EventType "swiss"]
[EventRounds "9"]
[EventCountry "KUW"]
[SourceTitle "CB03_2025"]
[SourceDate "2025.01.15"]
[SourceVersion "1"]
[SourceVersionDate "2025.01.15"]
[SourceQuality "1"]

1. e4 c5 2. Nf3 e6 3. d4 cxd4 4. Nxd4 Nc6 5. Nc3 Qc7 6. a3 a6 7. Be3 Nf6 8. Be2 Be7 9. 0-0 0-0 10. f4 d6 11. Qe1 Na5 12. Qg3 Kh8 13. e5 dxe5 14. fxe5 Nd7 15. Nf3 b5 16. Bg5 Nc6 17. Ne4 Bb7 18. Qh4 Bc5+ 19. Nxc5 Nxc5 20. b4 Nd7 21. Bd3 g6 22. Bf6+ Nxf6 23. exf6 Ne5 24. Qh6 Nxf3+ 25. Rxf3 Qb6+ 26. Kh1 Rg8 1-0